| 000 | 00425nam a22001577a 4500 | ||
|---|---|---|---|
| 999 |
_c11448 _d11448 |
||
| 003 | OSt | ||
| 008 | 220716b ||||| |||| 00| 0 eng d | ||
| 020 | _a9789391910860 | ||
| 082 | _a378.1662 MAG | ||
| 100 | _aMALVIYA,Neelesh etc | ||
| 245 | _aGateway to crack GPAT & Pharmacy :Competitive Entrance Exams | ||
| 260 |
_aHyderabad _bPharmaMed Press _c2022 |
||
| 300 | _aMISC | ||
| 650 | _aCareer Guidance | ||
| 942 |
_2ddc _cBK _01 |
||